Εμφύλιος πόλεμος : έγγραφα από τα γιουγκοσλαβικά και βουλγαρικά αρχεία
Αποθηκεύτηκε σε:
| Άλλοι συγγραφείς: | , |
|---|---|
| Μορφή: | Βιβλίο |
| Γλώσσα: | Greek |
| Δημοσίευση: |
Αθήνα :
Επίκεντρο,
c2006
|
| Έκδοση: | [3η έκδ.] |
| Θέματα: | |
| Ετικέτες: |
Προσθήκη ετικέτας
Δεν υπάρχουν, Καταχωρήστε ετικέτα πρώτοι!
|
MARC
| LEADER | 00000nam a2200000 i 4500 | ||
|---|---|---|---|
| 001 | 1/44517 | ||
| 008 | 140318s2006 gre d | ||
| 020 | |a 960-6645-89-4 | ||
| 035 | |l 10117140 | ||
| 040 | |a GR-MY-UA |b gre |e aacr | ||
| 041 | 0 | |a gre | |
| 082 | 0 | |a 938.774 |2 (22) | |
| 245 | 1 | 0 | |a Εμφύλιος πόλεμος : |b έγγραφα από τα γιουγκοσλαβικά και βουλγαρικά αρχεία / |c Βασίλης Κόντης - Σπυρίδων Σφέτας (επιμ) |
| 250 | |a [3η έκδ.] | ||
| 260 | |a Αθήνα : |b Επίκεντρο, |c c2006 | ||
| 300 | |a 244 σ.; |c 21 εκ. | ||
| 651 | 0 | |a Greece |x History |y Civil War, 1944-1949 |x Sources. | |
| 700 | 1 | |a Κόντης, Βασίλης. |4 edt | |
| 700 | 1 | |a Σφέτας, Σπυρίδων. |4 edt | |
| 852 | |a INST |b LESVOS |c EUDOXUS |e 20140318 |h 938.774 ΕΜΦ |p 005100053891 |q 005100053891 |t EDX |y 0 | ||
| 901 | |a BIBL1-2014-1 | ||
| 909 | |a Λ |b 186691 | ||
| 920 | |a ΕΥΔΟΞΟΣ |b ΠΑΡΑΓΓΕΛΙΑ |y ΛΕΣΒΟΣ-ΤΚΑΙ |z 2014-04 | ||
| 970 | |a ΤΖΑΦΕΡΗ |b ΕΥΑΓΓΕΛΙΑ |z 2014/03/18 | ||